000 00549nam a2200181Ia 4500
008 090123s9999 xx 000 0 und d
082 _b37630
100 _aराऊत भारतकुमार
245 _aदृष्टिकोन
250 _a1
260 _bअनघा प्रकाशन
_c2004
300 _a192
600 _aराऊत भारतकुमार
630 _aदृष्टिकोन
700 _aराऊत भारतकुमार
730 _aदृष्टिकोन
942 _cBOOK
999 _c75697
_d75697